01222nam a2200193 i 4500001000700000003000900007005001700016008004100033080001200074110005000086245010100136260005400237300002000291505043800311545009600749852004600845999001900891952011800910170732ES-MaACL20230906214439.0090401s18721879sp |||| | spa d a94(460)2 aReal Academia de la Historia (España)9630910aDiscursos leídos ante la Academia de la Historia, f1872-1879 /cReal Academia de la Historia. aMadrid : b[s.n.], c1872 (fImp. de T. Fortanet) a1 v. ; c31 cm.8 aContiene: Antigüedades del Cerro de los Santos en término de Montealegre / Juan de Dios de la Rada y Delgado (110 p.). Contestación / Aureliano Fernández-Guerra y Orbe (p. 112-181 + 22 h. de lám.). Discurso leido ante S.M. el Rey D. Alfonso XII dedicado a la buena memoria de D. José Amador de los Ríos / Juan de Dios de la Rada y Delgado (28 p.). El gerundense y la España primitiva / Fidel Fita y Colomé (237 p.). aDed. autógrafa de Juan de Dios de la Rada y Delgado a la Biblioteca del Ateneo de Madrid. aES-MaACLjK-120 z- Enc. pasta española c170732d170732 001040708LIBXIXaATENEOMbATENEOMcADMd2009-04-01l0oK-120p1179175r2023-02-23 00:00:00w2023-02-23yMONANT